00250nam a2200109Ia 4500003000400000005001700004008004100021020001800062040001000080100001400090245003600104OSt20240110120018.0170523s9999 xx 000 0 und d a9788127243524 ciimtu aSingh-B.D 0aBiotechnology Expanding honzons